Представление документа в формате RUSMARC

Поле Инд. ПП Название Значение
Тип записи a
Библиографический уровень a
001 Контрольный номер 3cd00860604d4531b60425ffd78a709d
005 Дата корректировки 20231127143110.5
100 a Данные общей обработки 20210608 ||| 0rusy0189 ca
101 0_ a Язык текста rus
102 a Страна публикации RU
200 1_ a Заглавие Судебный надзор как способ исправления существенных нарушений норм материального права: правомерность возмещения морального вреда лицам в гражданском браке
203 a Вид содержания Текст
c Тип средства электронный
300 a Общие примечания Чтение статьи доступно в Источнике
330 a Аннотация Публикуется текст перевода постановления Европейского Суда по правам человека по жалобе "Гаврикова против России", осуществленный кафедрой европейского гуманитарного права РАП, а также комментарий к данному постановлению аспиранта кафедры европейского гуманитарного права Шабалиной Я. М.
336 a Примечание о виде электронного ресурса PDF
461 _0 1 2000
a Российское правосудие
463 _0 1 2000
a № 6
b Текст
v С. 85-93
1 2101
d 2008
1 001a4b738ec84494a26973fb069f124b69a
606 a Основная рубрика Право. Юридические науки
x Основная подрубрика Судебная практика
610 0_ a Ключевые слова КОМПЕНСАЦИЯ МОРАЛЬНОГО ВРЕДА
a Ключевые слова МАТЕРИАЛЬНАЯ ОТВЕТСТВЕННОСТЬ
a Ключевые слова ЕВРОПЕЙСКИЙ СУД
a Ключевые слова ПРАВА ЧЕЛОВЕКА
a Ключевые слова ВОЗМЕЩЕНИЕ ВРЕДА
700 _1 a Фамилия Шабалина
b Имя Я.М.
801 _0 a Страна RU
b Организация РГУП
c Дата составления 20210608
g Правила каталогизации PSBO
801 _1 a Страна RU
b Организация РГУП
c Дата составления 20210608
g Правила каталогизации PSBO
901 t Тип документа b
w Контрольный № источника a4b738ec84494a26973fb069f124b69a
905 a Дата ввода 20210608